[Event "Russian Rapid Team Championship (m)"]
[Site "Sochi"]
[Date "2022.10.18"]
[Round "1.8"]
[White "Faizrakhmanov, Ramil"]
[Black "Borisovsky, Dmitry"]
[Result "1-0"]
[BlackElo "2251"]
[WhiteElo "2475"]
[LiveChessVersion "1.4.8"]

1. d4 {[%clk 0:15:17]} Nf6 {[%clk 0:15:17]} 2. c4 {[%clk 0:15:25]} e6
{[%clk 0:15:25]} 3. Nf3 {[%clk 0:15:32]} d5 {[%clk 0:15:29]} 4. Nc3
{[%clk 0:15:40]} Nbd7 {[%clk 0:15:35]} 5. Bf4 {[%clk 0:15:47]} dxc4
{[%clk 0:15:18]} 6. e3 {[%clk 0:15:55]} b5 {[%clk 0:15:03]} 7. Nxb5
{[%clk 0:15:45]} Nd5 {[%clk 0:14:57]} 8. Nc3 {[%clk 0:13:52]} Bb4
{[%clk 0:13:55]} 9. Rc1 {[%clk 0:13:55]} N7b6 {[%clk 0:09:16]} 10. Be2
{[%clk 0:13:57]} Bb7 {[%clk 0:04:23]} 11. Qc2 {[%clk 0:14:00]} Nxf4
{[%clk 0:03:43]} 12. exf4 {[%clk 0:14:08]} Qf6 {[%clk 0:02:35]} 13. g3
{[%clk 0:13:45]} Qg6 {[%clk 0:02:20]} 14. O-O {[%clk 0:13:07]} Qxc2
{[%clk 0:02:02]} 15. Rxc2 {[%clk 0:13:15]} Rd8 {[%clk 0:01:29]} 16. Rd1
{[%clk 0:12:48]} Ke7 {[%clk 0:01:03]} 17. Ne5 {[%clk 0:12:42]} c5
{[%clk 0:01:00]} 18. dxc5 {[%clk 0:12:17]} Bxc5 {[%clk 0:01:01]} 19. Rxd8
{[%clk 0:12:06]} Rxd8 {[%clk 0:01:10]} 20. Nxc4 {[%clk 0:12:02]} Nxc4
{[%clk 0:00:36]} 21. Bxc4 {[%clk 0:12:10]} Bb6 {[%clk 0:00:23]} 22. Bf1
{[%clk 0:11:52]} h6 {[%clk 0:00:22]} 23. Bg2 {[%clk 0:11:58]} Ba6
{[%clk 0:00:30]} 24. h4 {[%clk 0:11:59]} Bd3 {[%clk 0:00:17]} 25. Rd2
{[%clk 0:12:01]} Ba5 {[%clk 0:00:18]} 26. Bf1 {[%clk 0:11:51]} Bf5
{[%clk 0:00:22]} 27. Rxd8 {[%clk 0:11:45]} Kxd8 {[%clk 0:00:31]} 28. Nb5
{[%clk 0:11:25]} Bb6 {[%clk 0:00:30]} 29. Nd6 {[%clk 0:11:32]} Bg6
{[%clk 0:00:33]} 30. Bb5 {[%clk 0:11:04]} f6 {[%clk 0:00:40]} 31. Kf1
{[%clk 0:10:54]} Kc7 {[%clk 0:00:41]} 32. Nc4 {[%clk 0:09:23]} Bd3+
{[%clk 0:00:48]} 33. Ke1 {[%clk 0:09:31]} Bxc4 {[%clk 0:00:22]} 34. Bxc4
{[%clk 0:09:40]} Kd6 {[%clk 0:00:21]} 35. h5 {[%clk 0:09:39]} f5 {[%clk 0:00:30]}
36. Ke2 {[%clk 0:08:49]} a5 {[%clk 0:00:28]} 37. Ba6 {[%clk 0:08:36]} Bc5
{[%clk 0:00:16]} 38. Bc8 {[%clk 0:08:41]} Kd5 {[%clk 0:00:21]} 39. f3
{[%clk 0:08:46]} Kd6 {[%clk 0:00:21]} 40. b3 {[%clk 0:08:43]} Bb4
{[%clk 0:00:29]} 41. Kd3 {[%clk 0:08:36]} Be1 {[%clk 0:00:29]} 42. g4
{[%clk 0:08:45]} Bg3 {[%clk 0:00:18]} 43. Ke3 {[%clk 0:08:07]} Be1
{[%clk 0:00:17]} 44. Kd3 {[%clk 0:06:26]} Bg3 {[%clk 0:00:21]} 45. Ke3
{[%clk 0:05:36]} fxg4 {[%clk 0:00:21]} 46. fxg4 {[%clk 0:05:45]} e5
{[%clk 0:00:31]} 47. f5 {[%clk 0:05:44]} Bh4 {[%clk 0:00:21]} 48. Ke4
{[%clk 0:05:42]} Bf6 {[%clk 0:00:25]} 49. a3 {[%clk 0:05:45]} Kc5
{[%clk 0:00:28]} 50. Bd7 {[%clk 0:05:46]} Kd6 {[%clk 0:00:37]} 51. Bb5
{[%clk 0:05:45]} Kc5 {[%clk 0:00:45]} 52. Be8 {[%clk 0:05:51]} Kd6
{[%clk 0:00:41]} 53. b4 {[%clk 0:05:57]} axb4 54. axb4 {[%clk 0:06:06]} Bd8
{[%clk 0:00:25]} 55. b5 {[%clk 0:06:10]} Bb6 {[%clk 0:00:30]} 56. g5
{[%clk 0:05:51]} hxg5 {[%clk 0:00:22]} 57. f6 {[%clk 0:05:54]} gxf6
{[%clk 0:00:29]} 58. h6 {[%clk 0:06:04]} f5+ {[%clk 0:00:38]} 59. Kxf5
{[%clk 0:06:12]} e4 {[%clk 0:00:47]} 60. Kxe4 {[%clk 0:06:18]} Ba5
{[%clk 0:00:36]} 61. b6 {[%clk 0:05:45]} g4 {[%clk 0:00:19]} 62. h7
{[%clk 0:05:45]} Bc3 {[%clk 0:00:27]} 63. Kf4 {[%clk 0:05:54]} Bd4
{[%clk 0:00:14]} 64. Kxg4 {[%clk 0:05:59]} Bh8 {[%clk 0:00:12]} 65. Kf5
{[%clk 0:06:05]} Kd5 1-0

[Event "Russian Rapid Team Championship (m)"]
[Site "Sochi"]
[Date "2022.10.18"]
[Round "1.9"]
[White "Tomashevsky, Evgeny"]
[Black "Kavyev, Ruslan"]
[Result "1/2-1/2"]
[BlackElo "2229"]
[WhiteElo "2631"]
[LiveChessVersion "1.4.8"]

1. d4 {[%clk 0:15:17]} Nf6 {[%clk 0:15:17]} 2. Nf3 {[%clk 0:15:26]} g6
{[%clk 0:15:26]} 3. g3 {[%clk 0:15:34]} Bg7 {[%clk 0:15:34]} 4. Bg2
{[%clk 0:15:43]} d5 {[%clk 0:15:33]} 5. O-O {[%clk 0:15:50]} O-O {[%clk 0:15:41]}
6. Nbd2 {[%clk 0:15:58]} c6 {[%clk 0:15:30]} 7. c4 {[%clk 0:16:00]} Bf5
{[%clk 0:15:30]} 8. b3 {[%clk 0:16:02]} Qc8 {[%clk 0:15:22]} 9. Bb2
{[%clk 0:15:48]} Bh3 {[%clk 0:15:06]} 10. Rc1 {[%clk 0:15:49]} Bxg2
{[%clk 0:15:10]} 11. Kxg2 {[%clk 0:15:57]} e6 {[%clk 0:14:57]} 12. b4
{[%clk 0:15:06]} Qe8 {[%clk 0:10:08]} 13. Qb3 {[%clk 0:14:25]} Nbd7
{[%clk 0:09:51]} 14. b5 {[%clk 0:13:47]} cxb5 {[%clk 0:08:54]} 15. cxd5
{[%clk 0:12:50]} Nxd5 {[%clk 0:08:24]} 16. e4 {[%clk 0:12:52]} Ne7
{[%clk 0:06:55]} 17. Ba3 {[%clk 0:07:21]} a6 {[%clk 0:06:07]} 18. d5
{[%clk 0:07:24]} exd5 {[%clk 0:05:53]} 19. exd5 {[%clk 0:07:33]} Qd8
{[%clk 0:05:55]} 20. Ne4 {[%clk 0:05:31]} Nb6 {[%clk 0:05:31]} 21. d6
{[%clk 0:03:07]} Nc6 {[%clk 0:04:07]} 22. d7 {[%clk 0:03:03]} b4 {[%clk 0:03:57]}
23. Bxb4 {[%clk 0:02:14]} Nxb4 {[%clk 0:04:03]} 24. Qxb4 {[%clk 0:02:23]} Nxd7
{[%clk 0:03:54]} 25. Rfd1 {[%clk 0:02:24]} Qb6 {[%clk 0:04:03]} 26. Qxb6
{[%clk 0:02:32]} Nxb6 {[%clk 0:04:12]} 27. Rb1 {[%clk 0:02:42]} Nc4
{[%clk 0:03:08]} 28. Rxb7 {[%clk 0:02:49]} Rae8 {[%clk 0:03:04]} 29. Re1
{[%clk 0:02:48]} Rxe4 {[%clk 0:01:58]} 30. Rxe4 {[%clk 0:02:57]} Nd6
{[%clk 0:02:08]} 31. Ree7 {[%clk 0:02:46]} Nxb7 {[%clk 0:02:16]} 32. Rxb7
{[%clk 0:02:55]} a5 {[%clk 0:01:47]} 33. Ra7 {[%clk 0:02:25]} Bc3
{[%clk 0:01:55]} 34. Ng5 {[%clk 0:02:34]} h6 {[%clk 0:01:55]} 35. Ne4
{[%clk 0:02:42]} Bb4 {[%clk 0:02:04]} 36. Nf6+ {[%clk 0:00:40]} Kg7
{[%clk 0:02:13]} 37. Nd7 {[%clk 0:00:49]} Re8 {[%clk 0:02:09]} 38. Kf3
{[%clk 0:00:56]} Re7 {[%clk 0:02:14]} 1/2-1/2

[Event "Russian Rapid Team Championship (m)"]
[Site "Sochi"]
[Date "2022.10.18"]
[Round "1.10"]
[White "Gitelson, Arkady"]
[Black "Khegay, Dmitriy"]
[Result "1-0"]
[BlackElo "2486"]
[WhiteElo "2172"]
[LiveChessVersion "1.4.8"]

1. d4 {[%clk 0:15:18]} d6 {[%clk 0:15:09]} 2. e4 {[%clk 0:15:25]} g6
{[%clk 0:15:18]} 3. Nc3 {[%clk 0:15:33]} Bg7 {[%clk 0:15:26]} 4. Bg5
{[%clk 0:15:40]} a6 {[%clk 0:15:34]} 5. a4 {[%clk 0:15:17]} Nf6 {[%clk 0:15:42]}
6. e5 {[%clk 0:15:07]} Nfd7 {[%clk 0:15:17]} 7. f4 {[%clk 0:15:15]} O-O
{[%clk 0:14:40]} 8. Nf3 {[%clk 0:15:24]} Re8 {[%clk 0:12:39]} 9. Bc4
{[%clk 0:15:02]} Nb6 {[%clk 0:12:12]} 10. Bb3 {[%clk 0:14:46]} d5
{[%clk 0:12:20]} 11. Qe2 {[%clk 0:14:32]} a5 {[%clk 0:12:00]} 12. O-O
{[%clk 0:14:30]} Na6 {[%clk 0:11:24]} 13. Nd1 {[%clk 0:14:32]} c5
{[%clk 0:11:27]} 14. c3 {[%clk 0:14:34]} Bf5 {[%clk 0:11:00]} 15. Ne3
{[%clk 0:14:29]} Be4 {[%clk 0:10:57]} 16. Nd2 {[%clk 0:14:33]} cxd4
{[%clk 0:10:36]} 17. cxd4 {[%clk 0:14:34]} Qd7 {[%clk 0:09:37]} 18. Nxe4
{[%clk 0:14:00]} dxe4 {[%clk 0:09:46]} 19. Rad1 {[%clk 0:14:09]} e6
{[%clk 0:08:24]} 20. Ng4 {[%clk 0:13:19]} Nb4 {[%clk 0:08:30]} 21. Qxe4
{[%clk 0:12:28]} N4d5 {[%clk 0:08:33]} 22. Rd3 {[%clk 0:12:28]} h5
{[%clk 0:08:35]} 23. Nf6+ {[%clk 0:10:45]} Nxf6 {[%clk 0:08:28]} 24. exf6
{[%clk 0:10:47]} Bh8 {[%clk 0:08:29]} 25. Rh3 {[%clk 0:06:45]} Qd8
{[%clk 0:07:31]} 26. g4 {[%clk 0:05:36]} hxg4 {[%clk 0:06:10]} 27. Rh6
{[%clk 0:05:27]} Qd7 {[%clk 0:05:00]} 28. Bc2 {[%clk 0:04:15]} Bg7
{[%clk 0:01:45]} 29. fxg7 {[%clk 0:04:23]} Nd5 {[%clk 0:01:54]} 30. Qe5
{[%clk 0:04:21]} 1-0

[Event "Russian Rapid Team Championship (m)"]
[Site "Sochi"]
[Date "2022.10.18"]
[Round "1.11"]
[White "Drygalov, Andrey"]
[Black "Palin, Denis"]
[Result "1-0"]
[BlackElo "2029"]
[WhiteElo "2456"]
[LiveChessVersion "1.4.8"]

1. e4 {[%clk 0:15:17]} e6 {[%clk 0:15:19]} 2. d4 {[%clk 0:15:25]} d5
{[%clk 0:15:28]} 3. Nd2 {[%clk 0:15:32]} dxe4 {[%clk 0:15:36]} 4. Nxe4
{[%clk 0:15:40]} Nd7 {[%clk 0:15:44]} 5. Nf3 {[%clk 0:15:47]} Ngf6
{[%clk 0:15:53]} 6. Nxf6+ {[%clk 0:15:56]} Nxf6 {[%clk 0:16:02]} 7. Be3
{[%clk 0:16:04]} Be7 {[%clk 0:16:11]} 8. Bd3 {[%clk 0:16:12]} O-O
{[%clk 0:16:18]} 9. Qe2 {[%clk 0:16:20]} b6 {[%clk 0:16:25]} 10. O-O-O
{[%clk 0:16:22]} Bb7 {[%clk 0:16:34]} 11. Kb1 {[%clk 0:15:39]} Qc8
{[%clk 0:16:25]} 12. Ne5 {[%clk 0:14:46]} Be4 {[%clk 0:14:52]} 13. Bxe4
{[%clk 0:13:49]} Nxe4 {[%clk 0:15:01]} 14. f3 {[%clk 0:13:49]} Nf6
{[%clk 0:15:05]} 15. h4 {[%clk 0:13:49]} Nd7 {[%clk 0:14:03]} 16. Ng4
{[%clk 0:12:36]} Re8 {[%clk 0:12:46]} 17. h5 {[%clk 0:12:44]} Nf6
{[%clk 0:12:36]} 18. Ne5 {[%clk 0:12:07]} Nd7 {[%clk 0:12:44]} 19. h6
{[%clk 0:12:11]} g6 {[%clk 0:12:22]} 20. Qb5 {[%clk 0:11:45]} Nxe5
{[%clk 0:12:01]} 21. Qxe5 {[%clk 0:11:50]} f6 {[%clk 0:12:09]} 22. Qe4
{[%clk 0:11:47]} c6 {[%clk 0:11:28]} 23. Rhe1 {[%clk 0:10:50]} Qd7
{[%clk 0:11:17]} 24. Bc1 Bf8 {[%clk 0:10:49]} 25. g4 {[%clk 0:11:01]} g5
{[%clk 0:09:46]} 26. f4 {[%clk 0:10:43]} Bxh6 {[%clk 0:07:46]} 27. Rh1
{[%clk 0:10:47]} Bf8 {[%clk 0:07:31]} 28. fxg5 {[%clk 0:10:54]} f5
{[%clk 0:07:31]} 29. gxf5 {[%clk 0:10:47]} exf5 {[%clk 0:07:39]} 30. Qf3
{[%clk 0:10:56]} Re4 {[%clk 0:07:14]} 31. g6 {[%clk 0:09:47]} hxg6
{[%clk 0:04:40]} 32. Rdg1 {[%clk 0:09:55]} Rg4 {[%clk 0:02:40]} 33. Rxg4
{[%clk 0:10:03]} fxg4 {[%clk 0:02:48]} 34. Qf6 {[%clk 0:10:10]} Bg7
{[%clk 0:02:57]} 35. Qxg6 {[%clk 0:10:16]} Qxd4 {[%clk 0:02:34]} 36. Qe6+
{[%clk 0:10:21]} Kf8 {[%clk 0:02:33]} 37. Rf1+ {[%clk 0:10:29]} 1-0

[Event "Russian Rapid Team Championship (m)"]
[Site "Sochi"]
[Date "2022.10.18"]
[Round "1.12"]
[White "Muromtsev, Arthur"]
[Black "Zablotsky, Sergei"]
[Result "1/2-1/2"]
[BlackElo "2465"]
[WhiteElo "2054"]
[LiveChessVersion "1.4.8"]

1. e4 {[%clk 0:15:13]} d5 {[%clk 0:15:18]} 2. exd5 {[%clk 0:15:22]} Qxd5
{[%clk 0:15:26]} 3. Nc3 {[%clk 0:15:31]} Qd6 {[%clk 0:15:35]} 4. d4
{[%clk 0:15:24]} Nf6 {[%clk 0:15:43]} 5. Nf3 {[%clk 0:14:36]} Nc6
{[%clk 0:15:48]} 6. Nb5 {[%clk 0:10:01]} Qd8 {[%clk 0:15:48]} 7. Bf4
{[%clk 0:09:45]} Nd5 {[%clk 0:15:47]} 8. Bg3 {[%clk 0:09:54]} a6 {[%clk 0:15:37]}
9. Nc3 {[%clk 0:09:28]} Bg4 {[%clk 0:14:37]} 10. Be2 {[%clk 0:08:45]} e6
{[%clk 0:14:17]} 11. Ne4 {[%clk 0:07:46]} Bf5 {[%clk 0:13:12]} 12. Bh4
{[%clk 0:07:29]} f6 {[%clk 0:12:38]} 13. Bd3 {[%clk 0:05:43]} Nf4
{[%clk 0:10:47]} 14. O-O {[%clk 0:05:18]} Nb4 {[%clk 0:06:43]} 15. Re1
{[%clk 0:00:54]} Nfxd3 {[%clk 0:05:10]} 16. cxd3 {[%clk 0:01:00]} Be7
{[%clk 0:05:06]} 17. a3 {[%clk 0:00:56]} Nd5 {[%clk 0:04:56]} 18. Ng3
{[%clk 0:00:51]} O-O {[%clk 0:04:32]} 19. Nxf5 {[%clk 0:01:00]} exf5
{[%clk 0:04:41]} 20. Qb3 {[%clk 0:00:58]} Rf7 {[%clk 0:04:43]} 21. Qxb7
{[%clk 0:00:46]} Rb8 {[%clk 0:03:48]} 22. Qxa6 {[%clk 0:00:54]} g5
{[%clk 0:03:55]} 23. Bxg5 {[%clk 0:00:59]} fxg5 {[%clk 0:04:04]} 24. Ne5
{[%clk 0:01:08]} Rf6 {[%clk 0:04:04]} 25. Qc4 {[%clk 0:01:16]} Qd6
{[%clk 0:03:26]} 26. Rac1 {[%clk 0:01:20]} Rxb2 {[%clk 0:03:15]} 27. Nf3
{[%clk 0:01:02]} Re6 {[%clk 0:03:02]} 28. Rxe6 {[%clk 0:01:04]} Qxe6
{[%clk 0:03:09]} 29. Re1 {[%clk 0:01:12]} Qf7 {[%clk 0:02:39]} 30. Ne5
{[%clk 0:01:09]} Qe6 {[%clk 0:02:44]} 31. Nf3 {[%clk 0:01:18]} Qf7
{[%clk 0:00:44]} 32. Ne5 {[%clk 0:01:27]} Qe6 33. Nf3 Qf7 {[%clk 0:00:49]} 34.
Ne5 1/2-1/2

[Event "Russian Rapid Team Championship (m)"]
[Site "Sochi"]
[Date "2022.10.18"]
[Round "1.13"]
[White "Kundianok, Vladislav"]
[Black "Afanasiev, Nikita"]
[Result "0-1"]
[BlackElo "2535"]
[WhiteElo "2215"]
[LiveChessVersion "1.4.8"]

1. d4 {[%clk 0:15:17]} g6 {[%clk 0:15:17]} 2. c4 {[%clk 0:15:22]} Bg7
{[%clk 0:15:25]} 3. e4 {[%clk 0:15:29]} e6 {[%clk 0:15:34]} 4. Nc3
{[%clk 0:15:16]} Ne7 {[%clk 0:15:42]} 5. h4 {[%clk 0:15:25]} d5 {[%clk 0:15:50]}
6. e5 {[%clk 0:15:34]} c5 {[%clk 0:15:48]} 7. dxc5 {[%clk 0:15:42]} Nbc6
{[%clk 0:15:38]} 8. f4 {[%clk 0:15:34]} f6 {[%clk 0:15:46]} 9. exf6
{[%clk 0:14:57]} Bxf6 {[%clk 0:15:54]} 10. Nf3 {[%clk 0:15:06]} Qa5
{[%clk 0:15:47]} 11. Bd2 {[%clk 0:15:11]} Qxc5 {[%clk 0:15:50]} 12. Rc1
{[%clk 0:15:17]} Qb6 {[%clk 0:15:28]} 13. h5 {[%clk 0:09:30]} Bd7
{[%clk 0:14:10]} 14. Nb5 {[%clk 0:09:13]} O-O {[%clk 0:14:03]} 15. hxg6
{[%clk 0:07:30]} hxg6 {[%clk 0:12:43]} 16. c5 {[%clk 0:05:18]} Qd8
{[%clk 0:12:50]} 17. g4 {[%clk 0:03:39]} e5 {[%clk 0:12:17]} 18. f5
{[%clk 0:02:17]} e4 {[%clk 0:11:35]} 19. Qe2 {[%clk 0:00:51]} Nxf5
{[%clk 0:08:54]} 20. Qh2 {[%clk 0:00:40]} Qe7 {[%clk 0:09:03]} 21. gxf5
{[%clk 0:00:34]} exf3+ {[%clk 0:09:11]} 22. Kf2 {[%clk 0:00:16]} Ne5
{[%clk 0:09:08]} 23. Qg3 {[%clk 0:00:18]} Bxf5 {[%clk 0:09:13]} 24. Re1
{[%clk 0:00:20]} Ng4+ {[%clk 0:08:34]} 25. Qxg4 {[%clk 0:00:13]} Qxc5+
{[%clk 0:08:36]} 26. Be3 {[%clk 0:00:18]} Qc2+ {[%clk 0:08:44]} 0-1

[Event "Russian Rapid Team Championship (m)"]
[Site "Sochi"]
[Date "2022.10.18"]
[Round "1.14"]
[White "Tsydypov, Zhamsaran"]
[Black "Putrenko, Kirill"]
[Result "1-0"]
[BlackElo "2053"]
[WhiteElo "2554"]
[LiveChessVersion "1.4.8"]

1. c4 {[%clk 0:14:37]} Nf6 {[%clk 0:15:17]} 2. Nc3 {[%clk 0:14:43]} e5
{[%clk 0:15:17]} 3. g3 {[%clk 0:14:39]} c6 {[%clk 0:15:23]} 4. d4
{[%clk 0:14:43]} exd4 {[%clk 0:15:16]} 5. Qxd4 {[%clk 0:14:51]} d5
{[%clk 0:15:13]} 6. Bg2 {[%clk 0:14:50]} Na6 {[%clk 0:15:13]} 7. Bg5
{[%clk 0:14:26]} dxc4 {[%clk 0:12:28]} 8. Qxd8+ {[%clk 0:13:29]} Kxd8
{[%clk 0:12:37]} 9. O-O-O+ {[%clk 0:13:37]} Ke8 {[%clk 0:12:06]} 10. Nf3
{[%clk 0:13:41]} h6 {[%clk 0:10:01]} 11. Bf4 {[%clk 0:13:29]} Nb4
{[%clk 0:08:54]} 12. Ne5 {[%clk 0:12:54]} Be6 {[%clk 0:08:41]} 13. Be3
{[%clk 0:11:39]} Nbd5 {[%clk 0:07:31]} 14. Bd4 {[%clk 0:11:46]} Nxc3
{[%clk 0:07:11]} 15. Bxc3 {[%clk 0:11:54]} Bc5 {[%clk 0:06:22]} 16. Bd4
{[%clk 0:10:20]} Bxd4 {[%clk 0:05:11]} 17. Rxd4 {[%clk 0:10:29]} Ke7
{[%clk 0:05:11]} 18. h4 {[%clk 0:08:47]} Rhd8 {[%clk 0:03:22]} 19. Rxd8
{[%clk 0:08:37]} Rxd8 {[%clk 0:03:28]} 20. Bxc6 {[%clk 0:08:20]} Bd5
{[%clk 0:02:01]} 21. Bxd5 {[%clk 0:08:21]} Rxd5 {[%clk 0:02:10]} 22. f4
{[%clk 0:07:46]} Nd7 {[%clk 0:01:46]} 23. Ng4 {[%clk 0:07:37]} b5
{[%clk 0:01:17]} 24. Ne3 {[%clk 0:07:31]} Rc5 {[%clk 0:01:26]} 25. h5
{[%clk 0:07:14]} f5 {[%clk 0:00:38]} 26. Kd2 {[%clk 0:06:54]} Nf6
{[%clk 0:00:36]} 27. Kc3 {[%clk 0:07:02]} Ke6 {[%clk 0:00:27]} 28. Kb4
{[%clk 0:06:54]} Rc7 {[%clk 0:00:23]} 29. Nc2 {[%clk 0:06:43]} a6
{[%clk 0:00:17]} 30. Nd4+ {[%clk 0:06:50]} Kd5 {[%clk 0:00:23]} 31. Nxf5
{[%clk 0:06:58]} Ke4 {[%clk 0:00:27]} 32. Nd6+ {[%clk 0:06:49]} Ke3
{[%clk 0:00:33]} 33. Ka5 {[%clk 0:06:51]} Kxe2 {[%clk 0:00:26]} 34. Nf5
{[%clk 0:06:52]} Kf3 {[%clk 0:00:19]} 35. Kb6 {[%clk 0:06:31]} Rd7
{[%clk 0:00:16]} 36. Kxa6 {[%clk 0:06:38]} b4 {[%clk 0:00:26]} 37. Rc1
{[%clk 0:06:42]} Rc7 {[%clk 0:00:14]} 38. Kb5 {[%clk 0:06:33]} c3
{[%clk 0:00:23]} 39. bxc3 {[%clk 0:06:42]} bxc3 {[%clk 0:00:21]} 40. a4
{[%clk 0:06:47]} Nxh5 {[%clk 0:00:24]} 41. a5 {[%clk 0:06:53]} Nxg3
{[%clk 0:00:28]} 42. Kb6 {[%clk 0:05:49]} Rc4 {[%clk 0:00:26]} 43. Nd6
{[%clk 0:05:38]} Rb4+ {[%clk 0:00:14]} 44. Kc5 {[%clk 0:05:34]} Rxf4
{[%clk 0:00:15]} 45. Rxc3+ {[%clk 0:05:26]} Kg2 {[%clk 0:00:24]} 46. Rc4
{[%clk 0:04:31]} Rf1 {[%clk 0:00:21]} 47. a6 {[%clk 0:04:32]} Ra1
{[%clk 0:00:22]} 48. Kb5 {[%clk 0:04:30]} h5 {[%clk 0:00:21]} 49. Ra4
{[%clk 0:04:38]} Rb1+ {[%clk 0:00:29]} 50. Kc6 {[%clk 0:04:43]} Rb8
{[%clk 0:00:24]} 51. a7 {[%clk 0:04:37]} Ra8 {[%clk 0:00:33]} 52. Kb7
{[%clk 0:04:31]} Rxa7+ {[%clk 0:00:41]} 53. Kxa7 {[%clk 0:04:40]} g5
{[%clk 0:00:17]} 54. Nf7 {[%clk 0:03:33]} g4 {[%clk 0:00:26]} 55. Ng5
{[%clk 0:02:14]} Nf5 {[%clk 0:00:29]} 56. Kb6 {[%clk 0:01:39]} g3
{[%clk 0:00:14]} 57. Kc5 {[%clk 0:01:19]} h4 {[%clk 0:00:14]} 58. Kd5
{[%clk 0:01:03]} Kf2 {[%clk 0:00:15]} 59. Ke4 {[%clk 0:01:04]} Nd6+
{[%clk 0:00:15]} 60. Kf4 {[%clk 0:01:12]} g2 {[%clk 0:00:21]} 61. Ra2+
{[%clk 0:00:54]} Kf1 {[%clk 0:00:30]} 62. Ra1+ {[%clk 0:00:57]} Ke2
{[%clk 0:00:27]} 63. Rg1 {[%clk 0:01:00]} Kf2 {[%clk 0:00:18]} 64. Nh3+
{[%clk 0:01:08]} 1-0

[Event "Russian Rapid Team Championship (m)"]
[Site "Sochi"]
[Date "2022.10.18"]
[Round "1.15"]
[White "Khodko, Yurii N."]
[Black "Rozum, Ivan"]
[Result "0-1"]
[BlackElo "2540"]
[WhiteElo "2055"]
[LiveChessVersion "1.4.8"]

1. e4 {[%clk 0:15:18]} c5 {[%clk 0:15:11]} 2. Nf3 {[%clk 0:15:23]} d6
{[%clk 0:15:19]} 3. d4 {[%clk 0:15:32]} cxd4 {[%clk 0:15:27]} 4. Nxd4
{[%clk 0:15:40]} Nf6 {[%clk 0:15:35]} 5. Nc3 {[%clk 0:15:49]} a6 {[%clk 0:15:44]}
6. Nb3 {[%clk 0:15:54]} e6 {[%clk 0:15:30]} 7. g4 {[%clk 0:15:52]} b5
{[%clk 0:15:37]} 8. Bg2 {[%clk 0:14:35]} Bb7 {[%clk 0:15:45]} 9. a3
{[%clk 0:14:39]} Nfd7 {[%clk 0:15:47]} 10. Bf4 {[%clk 0:11:51]} Qc7
{[%clk 0:15:06]} 11. Qd2 {[%clk 0:11:38]} Nc6 {[%clk 0:14:11]} 12. O-O-O
{[%clk 0:10:05]} Nce5 {[%clk 0:14:03]} 13. Bxe5 {[%clk 0:08:09]} Nxe5
{[%clk 0:12:55]} 14. Bf1 {[%clk 0:08:17]} Be7 {[%clk 0:11:50]} 15. f4
{[%clk 0:07:42]} Nxg4 {[%clk 0:10:36]} 16. Rg1 {[%clk 0:07:31]} Nf6
{[%clk 0:10:42]} 17. Qd4 {[%clk 0:06:13]} e5 {[%clk 0:10:04]} 18. Qe3
{[%clk 0:06:04]} g6 {[%clk 0:10:00]} 19. Kb1 {[%clk 0:05:02]} O-O
{[%clk 0:09:42]} 20. f5 {[%clk 0:04:40]} Kg7 {[%clk 0:09:41]} 21. Be2
{[%clk 0:04:10]} Rac8 {[%clk 0:08:03]} 22. Rd2 {[%clk 0:04:02]} Rfd8
{[%clk 0:07:31]} 23. Bf3 {[%clk 0:03:59]} d5 {[%clk 0:04:12]} 24. fxg6
{[%clk 0:03:23]} hxg6 {[%clk 0:04:09]} 25. exd5 {[%clk 0:03:31]} Bxa3
{[%clk 0:03:55]} 26. h4 {[%clk 0:02:41]} Bc5 {[%clk 0:03:59]} 27. Nxc5
{[%clk 0:02:30]} Qxc5 {[%clk 0:04:07]} 28. Qg5 {[%clk 0:02:39]} Rh8
{[%clk 0:03:18]} 29. h5 {[%clk 0:02:28]} Rh6 {[%clk 0:03:07]} 30. Rdg2
{[%clk 0:02:20]} Qd4 {[%clk 0:02:47]} 31. hxg6 {[%clk 0:01:54]} Rxg6
{[%clk 0:02:52]} 32. Qf5 {[%clk 0:01:18]} Qxg1+ {[%clk 0:02:45]} 33. Rxg1
{[%clk 0:01:25]} Rxg1+ {[%clk 0:02:54]} 34. Ka2 {[%clk 0:01:35]} Re8
{[%clk 0:02:47]} 35. b3 {[%clk 0:01:10]} b4 {[%clk 0:02:29]} 36. Ne4
{[%clk 0:01:07]} Nxd5 {[%clk 0:02:37]} 37. c4 {[%clk 0:00:38]} Bc8
{[%clk 0:02:10]} 38. Qh5 {[%clk 0:00:47]} Nc3+ {[%clk 0:02:15]} 39. Nxc3
{[%clk 0:00:39]} bxc3 {[%clk 0:02:24]} 40. Be4 {[%clk 0:00:48]} Rg4
{[%clk 0:01:22]} 41. Qh7+ {[%clk 0:00:56]} Kf8 {[%clk 0:01:31]} 42. Qh8+
{[%clk 0:01:01]} Rg8 {[%clk 0:01:38]} 43. Qh6+ {[%clk 0:00:52]} Ke7
{[%clk 0:01:47]} 44. Qh4+ {[%clk 0:01:01]} Kf8 {[%clk 0:01:48]} 45. Qh6+
{[%clk 0:01:10]} Ke7 {[%clk 0:01:54]} 46. Qh4+ {[%clk 0:01:19]} Kf8
{[%clk 0:00:49]} 47. Qf6 {[%clk 0:01:28]} Rg4 {[%clk 0:00:47]} 48. Bc6
{[%clk 0:00:54]} Re6 {[%clk 0:00:38]} 49. Qd8+ {[%clk 0:00:59]} Kg7
{[%clk 0:00:48]} 50. Qxc8 {[%clk 0:00:56]} e4 {[%clk 0:00:57]} 51. Bd5
{[%clk 0:00:28]} Rg2+ {[%clk 0:01:05]} 52. Kb1 {[%clk 0:00:37]} Rf6
{[%clk 0:00:56]} 53. Qc5 {[%clk 0:00:12]} Rf1# {[%clk 0:01:04]} 0-1